| Tag |
First Indicator |
Second Indicator |
Subfields |
| LEADER |
00000cam a2200000 a 4500 |
| 001 |
in00005747430 |
| 005 |
20260326185221.5 |
| 006 |
m o d |
| 007 |
cr cnu---unuuu |
| 008 |
110222s2009 enka ob 001 0 eng d |
| 040 |
|
|
|a N$T
|b eng
|e pn
|c N$T
|d OCLCQ
|d OPELS
|d OCLCQ
|d OCLCF
|d OCLCQ
|d DEBBG
|d D6H
|d LEAUB
|d OL$
|d UKBTH
|d OCLCQ
|d OCLCO
|d S2H
|d OCLCO
|d OCLCQ
|d OCLCO
|d OCLCL
|
| 020 |
|
|
|a 9780123748195
|q (electronic bk.)
|
| 020 |
|
|
|a 0123748194
|q (electronic bk.)
|
| 020 |
|
|
|a 9780080888620
|q (electronic bk.)
|
| 020 |
|
|
|a 0080888623
|q (electronic bk.)
|
| 035 |
|
|
|a (OCoLC)703283859
|
| 050 |
|
4 |
|a S405
|b .A38 2009eb
|
| 072 |
|
7 |
|a TEC
|x 003000
|2 bisacsh
|
| 072 |
|
7 |
|a TEC
|x 003030
|2 bisacsh
|
| 072 |
|
7 |
|a TEC
|x 003080
|2 bisacsh
|
| 082 |
0 |
4 |
|a 630
|2 22
|
| 049 |
|
|
|a TXAM
|
| 245 |
0 |
0 |
|a Advances in agronomy.
|n Vol. 103 /
|c edited by Donald L. Sparks.
|
| 260 |
|
|
|a London :
|b Academic Press,
|c 2009.
|
| 300 |
|
|
|a 1 online resource :
|b illustrations (some color)
|
| 336 |
|
|
|a text
|b txt
|2 rdacontent
|
| 337 |
|
|
|a computer
|b c
|2 rdamedia
|
| 338 |
|
|
|a online resource
|b cr
|2 rdacarrier
|
| 504 |
|
|
|a Includes bibliographical references and index.
|
| 588 |
0 |
|
|a Print version record.
|
| 520 |
|
|
|a Advances in Agronomy continues to be recognized as a leading reference and a first-rate source for the latest research in agronomy. As always, the subjects covered are varied and exemplary of the myriad of subject matter dealt with by this long-running serial. * Maintains the highest impact factor among serial publications in agriculture * Presents timely reviews on important agronomy issues * Enjoys a long-standing reputation for excellence in the field.
|
| 505 |
0 |
|
|a Front Cover; Advances in Agronomy; Copyright Page; Contents; Contributors; Preface; Chapter 1: Clearing the Air: Livestock's Contribution to Climate Change; 1. Introduction; 1.1. Overview of global, national, and state (California) reports on livestock's role in climate change; 1.2. Global estimates for livestock's impact on climate change; 1.3. United States estimates for livestock's impact on climate change; 1.4. California estimates for livestock production effects on climate change; 2. Life Cycle Assessment; 3. Effects of Agriculture on Climate Change; 5. Enteric Fermentation
|
| 505 |
8 |
|
|a 8. Livestock Induced Desertification9. Release from Cultivated Soil; 12. Postharvest: CO2 from Livestock Processing; 13. Conclusions; References; Chapter 2: Improvement of Drought Resistance in Rice; 2.1. Drought-occurrence parameters; 2.3. Drought-prone target environments; 2.4. Systems analysis and characterization; 3. Rice Responses to Drought; 3.1. Plant water use; 3.3.3. Photosynthesis and stomata aperture traits; 3.3.4. Carbon isotope discrimination and WUE; 4. Concepts and Tools for Phenotyping; 4.6. Phenotyping for gene expression and profiling; 5. Conventional Breeding
|
| 505 |
8 |
|
|a 5.2. Heritability of yield components5.3. Direct selection for yield under drought; 5.3.1. Developing breeding populations; 5.3.3. Combining drought resistance and high yield; 7. Drought-Resistance Genes and GM Technology; 7.1. Gene discovery; 7.2. Rice transformation; 7.2.1. Perspectives of using functional protein genes; 7.3. Bioinformatics and gene functional analysis; Chapter 3: Problems, Challenges, and Strategic Options of Grain Security in China; 1. Introduction; 1.2. Present grain production and supply in China; 2. Connotation of Grain Security in China
|
| 505 |
8 |
|
|a 2.1. Concept of food security and grain security5. Problems and Challenges of Grain Security in China; 5.2. Water resources problems; 5.6. Changes in population growth and the standard of living; 6. Strategy Options and Countermeasures for Grain Security in China; 6.2. To increase the fiscal input in agriculture production; 6.6. To protect and enhance the farmers' initiative for grain production; 7. Case Studies; 7.1.3. Main contents of the activity; 7.2.2. Objectives of the activity; 8. Concluding Remarks; Chapter 4: Weed Management in Rice-Based Cropping Systems in Africa
|
| 505 |
8 |
|
|a 2. Weed Species in Rice in Africa3. Weed Management Practices in African Rice-Based Cropping Systems; 4. Emerging Weed Problems and Weed Management Issues; 5.1.2. Integrated crop and weed management approaches; 6. Concluding Remarks; References; Index; Color Plates
|
| 650 |
|
0 |
|a Agronomy.
|
| 650 |
|
6 |
|a Agronomie.
|
| 650 |
|
7 |
|a agronomy.
|2 aat
|
| 650 |
|
7 |
|a TECHNOLOGY & ENGINEERING
|x Agriculture
|x General.
|2 bisacsh
|
| 650 |
|
7 |
|a TECHNOLOGY & ENGINEERING
|x Agriculture
|x Agronomy
|x Crop Science.
|2 bisacsh
|
| 650 |
|
7 |
|a TECHNOLOGY & ENGINEERING
|x Agriculture
|x Agronomy
|x General.
|2 bisacsh
|
| 650 |
|
7 |
|a Agronomy
|2 fast
|
| 655 |
|
7 |
|a Electronic books.
|2 local
|
| 700 |
1 |
|
|a Sparks, Donald L.
|
| 710 |
2 |
|
|a ScienceDirect (Online service)
|
| 758 |
|
|
|i has work:
|a Advances in agronomy Vol. 103 (Text)
|1 https://id.oclc.org/worldcat/entity/E39PCFtPfHhdVJxVVPRGHcrhjK
|4 https://id.oclc.org/worldcat/ontology/hasWork
|
| 776 |
0 |
8 |
|i Print version:
|t Advances in agronomy. Vol. 103.
|d London : Academic, 2009
|z 9780123748195
|w (OCoLC)423582300
|
| 856 |
4 |
0 |
|u http://proxy.library.tamu.edu/login?url=https://www.sciencedirect.com/science/bookseries/00652113/103
|z Connect to the full text of this electronic book
|t 0
|
| 955 |
|
|
|a Elsevier ScienceDirect 2026-2027
|
| 994 |
|
|
|a 92
|b TXA
|
| 999 |
f |
f |
|i 15831a9d-640d-4652-a6cd-81ed9fba7dc4
|s e7ec159e-b71e-4501-a435-95030a5e1218
|t 0
|
| 952 |
f |
f |
|a Texas A&M University
|b College Station
|c Electronic Resources
|s www_evans
|d Available Online
|t 0
|e S405 .A38 2009eb
|h Library of Congress classification
|
| 998 |
f |
f |
|a S405 .A38 2009eb
|t 0
|l Available Online
|